00444 a2200145 4500010001400000020002600014035001300040037001600053082001300069245005200082260004000134270008000174300002300254500002100277 aENG-89730 c695.00a9780761936268 aEN-73263 bDBAD / PUB14a332.09541 aMicrofinance in India/cedited by K.G. Karmakar aNew DelhibSage Publicationsc2008 aB1/11, Mohan Cooperative Industrial Area, Mathura RoadbNew Delhie110 044 a489p.c23 cm (Hb) aIncludes index.